Evolución : el único camino / (Registro nro. 3269)
[ vista simple ]
| 000 -LEADER | |
|---|---|
| fixed length control field | 01046nam a2200241Ia 4500 |
| 003 - CONTROL NUMBER IDENTIFIER | |
| control field | OSt |
| 005 - DATE AND TIME OF LATEST TRANSACTION | |
| control field | 20200402122749.0 |
| 008 - FIXED-LENGTH DATA ELEMENTS--GENERAL INFORMATION | |
| fixed length control field | 191128s200? ck gr 001 0dspa d |
| 040 ## - CATALOGING SOURCE | |
| Original cataloging agency | CO-JMCR |
| Transcribing agency | CO-JMCR |
| 041 0# - LANGUAGE CODE | |
| Language code of text/sound track or separate title | spa |
| 082 04 - DEWEY DECIMAL CLASSIFICATION NUMBER | |
| Classification number | 133 .90135 / |
| Item number | S912 |
| 100 1# - MAIN ENTRY--PERSONAL NAME | |
| Personal name | Strauss Cortissoz, Hilda, |
| Relator term | autor |
| 9 (RLIN) | 2427 |
| 245 10 - TITLE STATEMENT | |
| Title | Evolución : el único camino / |
| Statement of responsibility, etc. | Hilda Strauss Cortissoz |
| 250 ## - EDITION STATEMENT | |
| Edition statement | Tercera edición |
| 260 ## - PUBLICATION, DISTRIBUTION, ETC. | |
| Place of publication, distribution, etc. | Bogotá : |
| 300 ## - PHYSICAL DESCRIPTION | |
| Extent | 117 páginas ; |
| Dimensions | 20 cm |
| 300 ## - PHYSICAL DESCRIPTION | |
| Dimensions | |
| 500 ## - GENERAL NOTE | |
| General note | Incluye biografía del autor en solapa. |
| 505 ## - FORMATTED CONTENTS NOTE | |
| Formatted contents note | La oración -- la meditación -- el ego -- sobre el sexo -- cómo educar a los niños -- sobre la fuerza negativa -- el poder de los números -- los elementos -- la cruz |
| 520 ## - SUMMARY, ETC. | |
| Summary, etc. | las leyes que rigen los cosmos se cumplen y pueden ser observadas en todas las minúsculas partículas y sistemas sencillos y complejos de los que está conformado el universo, así mismo, las guías o pautas para la evolución. |
| 650 14 - SUBJECT ADDED ENTRY--TOPICAL TERM | |
| Topical term or geographic name entry element | Ocultismo |
| General subdivision | Reencarnación |
| 9 (RLIN) | 2428 |
| 942 ## - ADDED ENTRY ELEMENTS (KOHA) | |
| Source of classification or shelving scheme | Dewey Decimal Classification |
| Koha item type | Books |
| Withdrawn status | Lost status | Source of classification or shelving scheme | Materials specified (bound volume or other part) | Damaged status | Not for loan | Home library | Current library | Shelving location | Date acquired | Source of acquisition | Cost, normal purchase price | Total Checkouts | Full call number | Barcode | Date last seen | Date last checked out | Copy number | Price effective from | Koha item type | Public note |
|---|---|---|---|---|---|---|---|---|---|---|---|---|---|---|---|---|---|---|---|---|
| Dewey Decimal Classification | Donación -- 16/02/201/ -- | Biblioteca Pública José María del Castillo y Rada | Biblioteca Pública José María del Castillo y Rada | General Stacks | 11/28/2019 | Donación | 0.00 | 1 | 133.90135 / S912 | 201507006 | 05/16/2024 | 02/01/2023 | Ej.1 | 11/28/2019 | Books | libro rayado con color |